000 00521nam a2200169Ia 4500
999 _c20790
_d20790
003 OSt
005 20201109113951.0
008 190216s9999||||xx |||||||||||||| ||und||
040 _coclc
082 _a901
_bVEN/H
100 _aVenugopalan, T R
_96343
245 0 _aHistory And Theory National Seminar Papers /
_cT R Venugopalan
260 _bDepartment Of History,
_c1997.
_aThrissur:
300 _a172p
650 _aHistory Of Arabs-History Of Arabs
942 _cBK
_2ddc
_h901
_iVEN/H
_k901
_mVEN/H